Problémom regiónov je nezamestnanosť

Nezamestnanosť zohráva jednu z prioritných funkcií, ktorá vplýva na ekonomický vývoj jednotlivých regiónov i spoločnosti ako celku. Regionálna politika je v úzkom vzťahu s regionálnou politikou zamestnanosti. Útlm výroby v niektorých regiónoch. Nástroje, ktoré využíva regionálna politika zamestnanos...

Descripción completa

Guardado en:
Detalles Bibliográficos
Autor principal: Jasaňová, Katarína
Formato: Capítulo de libro
Lenguaje:eslovaco
Materias:
Etiquetas: Agregar Etiqueta
Sin Etiquetas, Sea el primero en etiquetar este registro!

MARC

LEADER 00000naa a2200000 4500
001 r046963
005 20230927092054.7
041 0 |a slo 
044 |a SK 
245 1 0 |a Problémom regiónov je nezamestnanosť  |c Katarína Jasaňová 
520 |a Nezamestnanosť zohráva jednu z prioritných funkcií, ktorá vplýva na ekonomický vývoj jednotlivých regiónov i spoločnosti ako celku. Regionálna politika je v úzkom vzťahu s regionálnou politikou zamestnanosti. Útlm výroby v niektorých regiónoch. Nástroje, ktoré využíva regionálna politika zamestnanosti. Jedným zo spôsobov riešenia nezamestnanosti je podpora malého a stredného podnikania. 
610 2 0 |a politika regionálna 
610 2 0 |a politika zamestnanosti 
610 2 0 |a nezamestnanosť 
610 2 0 |a výroba 
610 2 0 |a podpora podnikania 
610 2 0 |a podnikanie malé 
610 2 0 |a podnikanie stredné 
610 2 0 |a Slovensko 
100 1 |a Jasaňová, Katarína